Anar al contingut

Блокчейн в платежных системах, цифровые финансовые активы и цифровые валюты Учебное пособие

Учебное пособие подготовлено в соответствии с федеральным государственным образовательным стандартом высшего образования по направлению подготовки «Юриспруденция» (квалификация (степень) «магистр»). В нем на основании анализа финансового законодательства правоприменительной практики и доктрины финан...

Descripció completa

Guardat en:
Dades bibliogràfiques
Autor principal: Рождественская Т.Э
Format: Учебное пособие
Edició:1
Accés en línia:https://znanium.com/catalog/document?id=427266
https://znanium.com/cover/1996/1996300.jpg
Etiquetes: Afegir etiqueta
Sense etiquetes, Sigues el primer a etiquetar aquest registre!
LEADER 04615nam0a2200373 i 4500
001 RU\infra-m\znanium\bibl\1996300
003 https://znanium.com/catalog/document?id=427266
005 20250731000000.0
010 |a 978-5-00156-171-2 
010 |a 978-5-16-109458-7  |b электр. издание 
010 |a 978-5-16-016889-0  |b ISBN соиздателя 
100 |a 20250731d2023 m y0rusy0150 ca 
101 0 |a rus 
102 |a RU 
200 1 |a Блокчейн в платежных системах, цифровые финансовые активы и цифровые валюты  |e Учебное пособие  |f Национальный исследовательский университет "Высшая школа экономики"  |g Московский государственный юридический университет им. О.Е. Кутафина 
205 |a 1 
210 1 |a Москва  |c ООО "Юридическое издательство Норма"  |d 2023 
215 |a 128 с. 
330 |a Учебное пособие подготовлено в соответствии с федеральным государственным образовательным стандартом высшего образования по направлению подготовки «Юриспруденция» (квалификация (степень) «магистр»). В нем на основании анализа финансового законодательства правоприменительной практики и доктрины финансового права раскрываются понятие платежной системы особенности правового положения участников платежных систем правила оказания услуг по переводу денежных средств оцениваются перспективы внедрения блокчейн-технологии в платежную инфраструктуру. Также в пособии анализируются положения Федерального закона от 31 июля 2020 г. № 259-ФЗ «О цифровых финансовых активах цифровой валюте и о внесении изменений в отдельные законодательные акты Российской Федерации» исследуется правовая природа финансовых активов и цифровых валют отмечаются теоретические проблемы и перспективы их правового регулирования. Для магистрантов аспирантов преподавателей юридических и экономических вузов практикующих юристов и предпринимателей. 
333 |a ВО - Бакалавриат 
606 |a Право. Юридические науки  |x Финансовое право  |2 local 
608 |a Учебное пособие  |2 local 
675 |a 004:339.72(075.8)  |z rus 
686 |a 65.050.253я73-1  |2 rubbk 
686 |a 40.03.01  |2 okso 
686 |a 40.04.01  |2 okso 
700 1 |a Рождественская  |b Т.Э.  |g Татьяна Эдуардовна  |p Национальный исследовательский университет "Высшая школа экономики" 
701 1 |a Ситник  |b А.А.  |g Александр Александрович  |p Московский государственный юридический университет им. О.Е. Кутафина 
701 1 |a Хоменко  |b Е. Г.  |g Елена Георгиевна  |p Московский государственный юридический университет им. О.Е. Кутафина 
701 1 |a Лагкуева  |b И.В.  |g Ирина Владимировна  |p Московский государственный юридический университет им. О.Е. Кутафина 
712 0 2 |a Московский государственный юридический университет им. О.Е. Кутафина 
801 0 |a RU  |b Общество с ограниченной ответственностью «ЗНАНИУМ»  |c 20230210  |2 rusmarc 
856 4 |a znanium.com  |m ebs_support@infra-m.ru  |n НИЦ ИНФРА-М  |u https://znanium.com/catalog/document?id=427266 
856 4 1 |a znanium.com  |d /cover/1996  |f 1996300.jpg  |q image/jpeg  |u https://znanium.com/cover/1996/1996300.jpg